Community Health Workers Scheme in Shahdol District (M.P.) (Record no. 11716)
[ view plain ]
| 000 -LEADER | |
|---|---|
| fixed length control field | 00297nam a2200121Ia 4500 |
| 082 ## - DEWEY DECIMAL CLASSIFICATION NUMBER | |
| Classification number | RQ.0003 |
| 100 ## - MAIN ENTRY--AUTHOR NAME | |
| Personal name | Qadeer, Imrana |
| 245 #0 - TITLE STATEMENT | |
| Title | Community Health Workers Scheme in Shahdol District (M.P.) |
| 260 ## - PUBLICATION, DISTRIBUTION, ETC. (IMPRINT) | |
| Year of publication | 0 |
| 300 ## - PHYSICAL DESCRIPTION | |
| Number of Pages | 944p. |
| 942 ## - ADDED ENTRY ELEMENTS (KOHA) | |
| Koha item type | Books |
| Withdrawn status | Lost status | Damaged status | Not for loan | Home library | Current library | Date acquired | Bill Date | Full call number | Accession Number | Price effective from | Koha item type |
|---|---|---|---|---|---|---|---|---|---|---|---|
| NASSDOC Library | NASSDOC Library | 08/10/2004 | 2004-10-22 | RQ.0003 | 16934 | 18/04/2019 | Books |
